00945cam a22002535a 450000100100000000500170001000800410002702000150006804000260008308200230010924501020013226000560023430000290029050400510031965000550037065100100042565300310043570000300046670000370049688600300053394200080056399900170057195201030058800912653020180207160105.0880414t1988 cau frb 001 0 eng d a0805301429 aUkcUkbengdEG-ScBUE04222a621.38173bPHY00aPhysical design automation of VLSI systems /cedited by Bryan T. Preas and Michael J. Lorenzetti. aMenlo Park :bBenjamin / Cummings Pub. Co,cc.1988. a510 p. :bill. ;c24 cm. aIncludes bibliographical references and index. 72BUEshaIntegrated circuitsxComputer-aided design. 2BUEsh bGGENbCOMSCIcFebruary20181 aPreas, Bryan T.,eeditor.1 aLorenzetti, Michael J.,eeditor.2 2blmarca010b00a88014479 2ddc c26134d26106 00102ddc4070aMAINbMAINc1STd2018-02-07l0o621.38173 PHYp000047273r2025-07-15 00:00:00yBB